Critical issues in neo-confucian thought: the philosophy of Yi T'oegye
Gardado en:
| Autor Principal: | |
|---|---|
| Formato: | Libro |
| Idioma: | inglés |
| Publicado: |
Seúl
Korea University Press
1990
|
| Subjects: | |
| Tags: |
Engadir etiqueta
Sen Etiquetas, Sexa o primeiro en etiquetar este rexistro!
|
MARC
| LEADER | 00000nam a2200000 a 4500 | ||
|---|---|---|---|
| 001 | UCR6183 | ||
| 003 | CL-VaPUC | ||
| 008 | 980420e19900000KO |||||||||||||||||eng|d | ||
| 082 | 0 | 4 | |a 201 |b YUN |2 21 |
| 100 | 0 | |a Yun, Sasoon |e author |9 407379 | |
| 245 | 1 | 0 | |a Critical issues in neo-confucian thought: the philosophy of Yi T'oegye |
| 300 | |a 261 p | ||
| 942 | |c BK | ||
| 945 | |d 19980420 00:00:00 |a rbrito | ||
| 260 | |a Seúl |b Korea University Press |c 1990 | ||
| 600 | 0 | 7 | |a YI T'OEGYE |2 CL-VaPUC |9 407380 |
| 650 | 7 | |a FILOSOFIA COREANA |2 CL-VaPUC |9 319091 | |
| 650 | 7 | |a CONFUCIONISMO |2 CL-VaPUC |9 265850 | |
| 651 | 7 | |a COREA |2 CL-VaPUC |9 317315 | |
| 583 | |a last modification |c 19980420 00:00:00 |k Rodrigo Vera | ||
| 999 | |c 268484 |d 268482 | ||
| 952 | |0 0 |1 0 |4 0 |6 201_000000000000000_YUN_1990 |7 0 |8 A |9 301652 |a BIBGIM |b BIBGIM |d 2019-11-20 |i 3411354 |o 201 YUN 1990 |p 3411354 |r 2025-01-15 |w 2019-11-20 |y BK |k ORI | ||